| 000 | 00608nam a2200193Ia 4500 | ||
|---|---|---|---|
| 008 | 090123s9999 xx 000 0 und d | ||
| 082 | _b40718 | ||
| 100 | _aकुसनुर चंद्रकांत | ||
| 245 | _aकलारंग | ||
| 250 | _a0 | ||
| 260 |
_bपारस पब्लिकेशन्स _c2006 |
||
| 300 | _a72 | ||
| 600 | _aकुसनुर चंद्रकांत | ||
| 630 | _aकलारंग | ||
| 700 | _aमहागांवकर केशव | ||
| 700 | _aकुसनुर चंद्रकांत | ||
| 730 | _aकलारंग | ||
| 942 | _cBOOK | ||
| 999 |
_c78794 _d78794 |
||